000 00993nam a2200277 i 4500
001 bg
100 1 _aLISOWSKI, Edward
245 1 0 _aZapis dokumentacji konstrukcyjnej w systemie INTERCAD-Junior :
_bpomoc dydaktyczna /
_cEdward Lisowski, Janusz Pobędza.
250 _aWyd.2.
260 _aKraków :
_bPK,
_c1997.
300 _a110 s. :
_brys. ;
_c24 cm.
490 1 _aPomoce Dydaktyczne / Politechnika Krakowska im. Tadeusza Kościuszki
504 _aBibliogr. s. 110.
650 9 _aGrafika komputerowa
_xstosowanie
_xrysunek techniczny
650 9 _aKomputery
_xstosowanie
_xrysunek techniczny
650 9 _aProjektowanie
_xautomatyzacja
650 9 _aRysunek techniczny
_xautomatyzacja
655 _aPodręczniki akademickie
700 1 _aPOBĘDZA, Janusz
830 0 _aPomoce Dydaktyczne (Politechnika Krakowska im. Tadeusza Kościuszki)
040 _cBPK
041 0 _apl
080 _a681.322.06:744:621](075.8)
942 _cKS
008 s pl f |000 0 pol
999 _c31567
_d31567
856 _uhttp://koha.tu.koszalin.pl/cgi-bin/koha/opac-detail.pl?biblionumber=31567
_yKatalog online BPK